000 00775nam a2200241Ia 4500
005 20220224172332.0
008 210716s2010 xx 000 0 und d
020 _a9780070700710
040 _cAIMIT LIBRARY
041 _aeng
082 _a330
_219
_bSAMP
100 _aSamuelson, Paul A.
_921874
245 _aEconomics /
_cBy Paul A Samuelson and William D Nordhaus.
250 _a19th ed.
260 _aNew Delhi :
_bTata McGraw Hill Publishing Company Ltd ,
_c2010.
300 _axlvii,916p. ;
_c24 cm.
650 _aEconomics.
_921875
650 _aSupply and Demand.
_921899
650 _aDemand and Consumer Behavior.
_921900
650 _aImpact Competition and Monopoly.
_921901
700 _aNordhaus, William D.
_921902
942 _2ddc
_cBK
_e19th
_k330 SAMP
999 _c205604
_d205604